[Event "Florianopolis op 8th"]
[Site "Florianopolis"]
[Date "2022.01.29"]
[Round "8"]
[White "De Souza, Sergio R Rastoldo"]
[Black "Monteiro, Helen Ramazzotte"]
[Result "0-1"]
[WhiteElo "1910"]
[BlackElo "1349"]
[PlyCount "140"]
[EventDate "2022.01.24"]
[EventType "swiss"]
[EventRounds "10"]
[EventCountry "BRA"]
[SourceTitle "EXT 2023"]
[Source "ChessBase"]
[SourceDate "2022.10.05"]
[SourceVersion "1"]
[SourceVersionDate "2022.10.05"]
[SourceQuality "1"]

1. e4 e6 2. d3 d5 3. Nd2 c5 4. Ngf3 Nc6 5. g3 Nf6 6. Bg2 Be7 7. 0-0 0-0 8. Re1 b6 9. e5 Nd7 10. c3 Bb7 11. h4 Qc7 12. Qe2 d4 13. Nf1 Rad8 14. c4 a6 15. Bf4 b5 16. b3 bxc4 17. bxc4 Rb8 18. N1d2 Nb4 19. Ne4 Bxe4 20. dxe4 Nc6 21. Reb1 Ncxe5 22. Nxe5 Nxe5 23. Qh5 Bd6 24. Bxe5 Bxe5 25. f4 Bf6 26. e5 Be7 27. Be4 g6 28. Qg4 h5 29. Qf3 Kg7 30. g4 hxg4 31. Qxg4 Rh8 32. h5 Rxh5 33. Rxb8 Qxb8 34. Rb1 Qd8 35. Rb7 Rh6 36. f5 exf5 37. Bxf5 Rh5 38. Rd7 Qxd7 39. Bxd7 Rg5 40. Qxg5 Bxg5 41. Kf2 d3 42. Kf3 d2 43. Ke2 Kf8 44. Bg4 Ke7 45. Kd3 Bf4 46. Ke4 g5 47. Kd5 Be3 48. Ke4 Bd4 49. Kf5 f6 50. exf6+ Bxf6 51. Ke4 Kd6 52. Be2 Kc6 53. Kd3 Bd4 54. Kxd2 Kd6 55. Kd3 Ke5 56. Bf3 Kf4 57. Ke2 g4 58. Bd5 Kg3 59. Kf1 Kh2 60. Bb7 g3 61. Bd5 Kh3 62. Bg2+ Kg4 63. Ke2 Kf4 64. Bd5 Bf2 65. Bc6 Ke5 66. Bd5 Kd4 67. Kf1 Kc3 68. Bb7 a5 69. Ba6 Kb4 70. Bb5 Ka3 0-1

[Event "Pocos de Caldas op"]
[Site "Pocos de Caldas"]
[Date "2019.02.09"]
[Round "3"]
[White "De Souza, Sergio R Rastoldo"]
[Black "Dos Santos, Ronie Paiva"]
[Result "1/2-1/2"]
[WhiteElo "2057"]
[BlackElo "1749"]
[PlyCount "43"]
[EventDate "2019.02.08"]
[EventType "swiss"]
[EventRounds "6"]
[EventCountry "BRA"]
[SourceTitle "CBM 188 Extra"]
[Source "ChessBase"]
[SourceDate "2019.02.26"]
[SourceVersion "1"]
[SourceVersionDate "2019.02.26"]
[SourceQuality "1"]

1. d4 d5 2. Bf4 c6 3. e3 Qb6 4. b3 Bf5 5. Bd3 Bxd3 6. Qxd3 Nf6 7. h3 e6 8. Nd2 Nbd7 9. Ngf3 Be7 10. 0-0 0-0 11. c4 Rfe8 12. Rac1 Qa6 13. Qb1 Rac8 14. Rc2 b6 15. Qd1 Nf8 16. Qe2 Ng6 17. Bh2 Red8 18. Rfc1 Ba3 19. Re1 Bb4 20. Rec1 Ba3 21. Re1 Bb4 22. Rec1 1/2-1/2